000 00420nam a2200157 i 4500
001 bg
100 1 _aWITEKOWA, Stanisława.
245 0 _aĆwiczenia z analizy jakościowej i ilościowej.
_nCz.1 /
_cStanisława Witekowa, Tadeusz Witek.
250 _aWyd.7.
260 _aWarszawa,
_c1970.
700 1 _aWITEK, Tadeusz.
040 _cBPK
041 _apol
942 _cKS
008 s pl f |000 0 pol
999 _c10446
_d10446
856 _uhttp://koha.tu.koszalin.pl/cgi-bin/koha/opac-detail.pl?biblionumber=10446
_yKatalog online BPK